AU LIBRARIES
Centralized Library System Across Seven Campuses

Operations Management (Record no. 47364)

MARC details
000 -LEADER
fixed length control field 00481nam a22001817a 4500
005 - DATE AND TIME OF LATEST TRANSACTION
control field 20260421123638.0
008 - FIXED-LENGTH DATA ELEMENTS--GENERAL INFORMATION
fixed length control field 260421b |||||||| |||| 00| 0 eng d
020 ## - INTERNATIONAL STANDARD BOOK NUMBER
ISBN 978-0-07-802410-8
082 ## - DEWEY DECIMAL CLASSIFICATION NUMBER
Classification number 658.5
Author Mark STE-O
100 ## - MAIN ENTRY--AUTHOR
Author Name Stevenson, William J
245 ## - TITLE STATEMENT
Title Operations Management
250 ## - EDITION STATEMENT
Edition statement 12th Ed
260 ## - PUBLICATION, DISTRIBUTION, ETC.
Place of Publication New York, NY
Name of publisher, distributor, etc. McGraw-Hill Education
Date of publication, distribution, etc. 2015
300 ## - PHYSICAL DESCRIPTION
Pages 940 p.
500 ## - GENERAL NOTE
General note Includes Index.
650 ## - SUBJECT ADDED ENTRY--TOPICAL TERM
Subject / Department Business and Management Sciences
942 ## - ADDED ENTRY ELEMENTS (KOHA)
Koha item type Book
Holdings
Withdrawn status Lost status Damaged status Not for loan Collection code Permanent Location Current Location Shelving Location Date acquired Source of acquisition Price Inventory number Total Checkouts Full Call Number Accession No./Barcode Date last seen Koha item type
        Business Administration Air University Kharian Campus Library Air University Kharian Campus Library Management Science 04/09/2026 Ali Book Services 4759.00 KA/10221   658.5 STE-O AUKHP0593 04/21/2026 Book
Air University Sector E-9, Islamabad Pakistan
Email: librarian@au.edu.pk  Tel : +0092 51 9262612 Ext: 631